00794nam a22002297a 4500999001500000001000600015003000900021005001700030008004100047020001500088040002800103082002200131100001700153245004600170250001200216260006300228300004500291504006400336650001800400942001200418952013400430 c7482d748221149BD-DhUAP20210123123438.0210123s2006 njua b 001 0 eng  a0131174290 aDLCcDLCdBD-DhUAPbEng00a621.3692 HEC 2231 aHecht, Jeff.10aUnderstanding fiber optics /cJeff Hecht. a5th ed. aUpper Saddle River, N.J. :bPearson/Prentice Hall,cc2006. aix, 790 pages :billustrations ;c24 cm. aIncludes bibliographical references (p. 757-760) and index. 0aFiber optics. 2ddccBK 00102ddc4070aUAPCLbUAPCLcGeneral Stacksd2021-01-23l1o621.3692 HECp3010021149r2024-09-29s2024-09-18t1w2021-01-23yBK